000 00483cam a22001337a 4500
008 180718b1970 xxu||||| |||| 00| 0 eng d
082 _aJ7x5442 B639
245 _aBombay's development and mastr plan
_cBy The Bombay civic trust
260 _aBombay
_bThe Bombay civic trust
_c1970
300 _axiii, 394p
650 _aBombay (India) - Economic policy - Congresses
650 _aIndustrial policy - India - Bombay -Congresses
650 _aCity planning - India -- Bombay - Congresses
999 _c409629
_d409629